000 00334nam a2200133Ia 4500
005 20251222155052.0
008 251222s9999||||xx |||||||||||||| ||spa||
082 _aESC.91
100 _aBUSTIOS ROMANI Carlos
245 0 _aCuatrocientos años de la salud pública en el Perú
250 _aLima ed.
264 _bUNMSM
942 _cLIB
999 _c37323
_d37323